[Event "Australian-ch 2020"]
[Site "Kogarah"]
[Date "2020.01.13"]
[Round "11.9"]
[White "Parle, Hughston"]
[Black "Nakauchi, Gene"]
[Result "1-0"]
[WhiteElo "2057"]
[BlackElo "2150"]
[Annotator "TA"]
[PlyCount "107"]
[EventDate "2020.01.02"]
[EventType "swiss"]
[EventCountry "AUS"]
[SourceTitle "playchess.com"]
[Source "ChessBase"]
[SourceQuality "1"]

{[%evp 11,107,6,11,18,30,25,27,0,77,60,118,53,30,39,39,28,37,26,39,40,29,28,23,27,29,24,91,84,101,108,119,113,121,107,125,110,209,199,185,139,127,110,194,111,115,125,143,122,275,210,288,282,229,226,794,793,699,256,246,218,240,237,256,266,255,256,233,189,231,217,329,295,274,214,206,175,175,160,309,309,309,309,309,309,296,289,1197,1103,6295,5310,5277,5273,5273,5219,5114,5114,29988,29989]} 1. d4 Nf6 2. c4 e6 3. Nf3 b6 4. g3 Bb7 5. Bg2 Be7 6. Nc3 Ne4 7. Qc2 {E17: Queen's Indian: 4 g3 Bb7 5 Bg2 Be7} (7. Bd2 O-O 8. d5 Nxc3 9. Bxc3 Bf6 10. Nd4 c5 11. Nb5 Bxc3+ 12. Nxc3 d6 13. O-O e5 14. f4 exf4 15. gxf4 Nd7 16. e4 a6 17. Qg4 {1-0 (36) Grischuk,A (2777)-Duda,J (2758) Moscow 2019}) 7... f5 8. Ne5 {[%cal Rc3e4]} Bb4 $146 ({Predecessor:} 8... d5 9. cxd5 Nxc3 10. bxc3 Bxd5 11. Qa4+ c6 12. f3 Nd7 13. Nxc6 Nc5 14. dxc5 Qd7 15. cxb6 Bxc6 {½-½ (53) Nalbandian,T (2508)-Navara,D (2647) Warsaw 2005}) 9. f3 {White has an edge.} Nd6 (9... Nxc3 $11 10. bxc3 Be7) 10. Nd3 Nc6 (10... a5 $14) 11. Nxb4 (11. d5 $1 $16 {[%cal Rd5c6]} exd5 12. cxd5) 11... Nxb4 $14 12. Qa4 a5 13. a3 Nc6 14. c5 $36 {[%mdl 2048] White is pushing.} bxc5 15. dxc5 Nf7 16. O-O Qe7 17. Be3 O-O 18. f4 Rfc8 (18... Ncd8 $11 {remains equal.}) 19. Bf2 $16 d5 20. cxd6 cxd6 21. e4 $1 {[%cal Re4f5]} fxe4 22. Nxe4 (22. Qxe4 $6 Ncd8 $11) 22... e5 23. f5 Nb8 {[#]} (23... Rab8 $16) 24. f6 $1 $18 {[%mdl 512]} Qd7 (24... gxf6 25. Nxf6+) 25. Qd1 {And now fxg7 would win.} g6 26. Be3 {Black must now prevent Nxd6!} Ra6 (26... Rd8 $16) 27. Qb3 (27. Rf2 $18) 27... a4 $16 28. Qd3 Ra5 29. Rfc1 {Rxc8+ is the strong threat.} Rd5 $2 (29... Rf8 $16 30. Rab1 Rb5) 30. Qf1 {Strongly threatening Bh3.} Ba6 31. Rxc8+ $1 Qxc8 32. Rc1 Qf5 $2 (32... Rc5 33. Rxc5 dxc5) 33. Qxf5 $18 gxf5 34. Nc3 $2 (34. Ng5 e4 35. Rc7 Rd1+ 36. Kf2) 34... Rd3 35. Ba7 Nd7 36. Bf1 (36. Nxa4 Rd2 $14) 36... Nxf6 37. Bxd3 ({But not} 37. Nxa4 $6 e4 $16) 37... Bxd3 38. Nxa4 Ng5 39. h4 Nf3+ 40. Kf2 Be4 (40... Nh2 $142 41. b4 Kf7) 41. Rc8+ Kf7 42. Nc3 d5 43. Nxe4 fxe4 {[%mdl 4096] Endgame KRB-KNN} 44. Rc7+ Ke6 (44... Ke8 $16 45. Bc5 Ng4+ 46. Ke2 d4 47. Re7+ (47. Rxh7 $2 d3+ 48. Kf1 e3 $19) 47... Kd8) 45. Rc6+ $1 Kf5 {[#]} 46. Rxf6+ $1 Kxf6 {[#] KB-KN} 47. a4 $1 Ke6 48. a5 d4 $2 (48... Kd7 49. a6 Kc6) 49. a6 d3 50. Be3 Nh2 51. a7 Ng4+ 52. Ke1 Nxe3 53. a8=Q Nd5 54. Qc6+ {Accuracy: White = 64%, Black = 35%.} 1-0

[Event "Australian-ch 2020"]
[Site "Kogarah"]
[Date "2020.01.13"]
[Round "11.10"]
[White "Ng, Clive"]
[Black "Kargosha, Bahman"]
[Result "1/2-1/2"]
[WhiteElo "2061"]
[BlackElo "2101"]
[Annotator "TA"]
[PlyCount "62"]
[EventDate "2020.01.02"]
[EventType "swiss"]
[EventCountry "AUS"]
[SourceTitle "playchess.com"]
[Source "ChessBase"]
[SourceQuality "1"]

{[%evp 21,62,-13,6,-16,-25,-9,-12,-52,19,19,20,15,36,33,26,17,48,43,50,45,52,52,52,50,57,52,77,75,64,70,93,93,98,14,77,55,46,7,13,0,0,0,0]} 1. e4 e5 2. Nf3 Nc6 3. d4 exd4 4. Nxd4 Nf6 5. Nxc6 bxc6 6. e5 Qe7 7. Qe2 Nd5 8. c4 Ba6 9. Nd2 O-O-O 10. Qe4 Nb6 11. b3 f6 12. f4 {C45: Scotch Game} (12. Bb2 fxe5 13. O-O-O Re8 14. Nf3 Qf6 15. Bxe5 Qh6+ 16. Qf4 Qxf4+ 17. Bxf4 d5 18. cxd5 Bxf1 19. Rhxf1 Nxd5 20. Bd2 Bc5 21. Rde1 Rhf8 22. Rxe8+ Rxe8 {½-½ (46) Oesterman,G (2481)-Marcinkiewicz,J (2489) ICCF email 2011}) 12... Bb7 13. Bb2 c5 $146 ({Predecessor:} 13... fxe5 14. O-O-O Re8 15. Qxe5 Qf7 16. Qg5 h6 17. Qg3 Rg8 18. Bd3 {1-0 (63) Kowalska,E (1891)-Kaliszewski,T (2010) Warsaw 2013}) 14. Qf5 Kb8 ({Better is} 14... fxe5 $15 15. fxe5 g6) 15. O-O-O $11 {[%cal Re5f6]} fxe5 16. Qxe5 d6 17. Qxe7 Bxe7 18. Bd3 Rhf8 19. Rhe1 Bf6 20. Bxf6 Rxf6 21. g3 h6 22. h4 Bc6 23. Re7 Rd7 24. Rde1 Nc8 25. Re8 Rff7 26. g4 Rde7 27. R8xe7 ({White should try} 27. R1xe7 $16 Rxe7 28. Rg8) 27... Rxe7 (27... Nxe7 $11 {remains equal.} 28. f5 Kc8) 28. Rxe7 Nxe7 29. Kd1 Bd7 {The position is equal.} 30. g5 Kc8 31. Ke2 Bg4+ {Accuracy: White = 54%, Black = 64%.} 1/2-1/2